000 00282nam a22001337a 4500
008 170725b xxu||||| |||| 00| 0 eng d
020 _a9780073374024
041 _aeng
080 _a004
100 _a29
101 _aSHK
245 _aYOU CODE IT
_cSAFIAN,SH.C
942 _2udc
_cBK
999 _c21844
_d21844